000 00203 a2200097 4500
020 _a9780982141885
041 _aeng
100 _aAMERICA READS
245 _aESSENTIAL GUIDE TO SPANISH READING
942 _cBK
999 _c2830
_d2830